| 000 | 00518nam a2200229Ia 4500 | ||
|---|---|---|---|
| 008 | 210210b1962 xxu||||| |||| 00| 0 eng d | ||
| 041 | _aeng | ||
| 082 | _a383/90 | ||
| 100 | _aHANSON (J L) | ||
| 245 | _aEconomic aspects of industry and commerce Ed 2 | ||
| 250 | _a | ||
| 260 |
_aLondon _bMacdonald & Evans _c1962 |
||
| 300 | _axvi,369 | ||
| 650 | _aindustry | ||
| 650 | _aEd | ||
| 650 | _aEconomic | ||
| 650 | _acommerce | ||
| 650 | _aaspects | ||
| 650 | _a2 | ||
| 690 | _aEconomics | ||
| 906 | _a005286 | ||
| 999 |
_c125376 _d125376 |
||